Business Planning and Policy. (Record no. 2385)

MARC details
000 -LEADER
fixed length control field 00424nam a22001697a 4500
005 - DATE AND TIME OF LATEST TRANSACTION
control field 20160611111625.0
008 - FIXED-LENGTH DATA ELEMENTS--GENERAL INFORMATION
fixed length control field 160611b xxu||||| |||| 00| 0 eng d
020 ## - INTERNATIONAL STANDARD BOOK NUMBER
ISBN 81-7866579-4
041 ## - LANGUAGE CODE
Language code of text/sound track or separate title eng
082 ## - DEWEY DECIMAL CLASSIFICATION NUMBER
Item number 6817
100 ## - MAIN ENTRY--AUTHOR NAME
Personal name Manoria, C.B. & Others
245 ## - TITLE STATEMENT
Title Business Planning and Policy.
260 ## - PUBLICATION, DISTRIBUTION, ETC. (IMPRINT)
Place of publication Mumbai
Name of publisher Himalaya Publishing House
Year of publication 1987
300 ## - PHYSICAL DESCRIPTION
Number of Pages 702
650 ## - SUBJECT ADDED ENTRY--TOPICAL TERM
Topical Term Management
942 ## - ADDED ENTRY ELEMENTS (KOHA)
Koha item type Books
Holdings
Lost status Damaged status Collection code Home library Current library Shelving location Date acquired Cost, normal purchase price Full call number Accession Number Koha item type
    MANAGEMENT JRU Library JRU Library SHELF-41-D 11/06/2016 275.00 6817 6817 Books
    MANAGEMENT JRU Library JRU Library SHELF-41-D 11/06/2016 275.00 6817 6818 Books
    MANAGEMENT JRU Library JRU Library SHELF-41-D 11/06/2016 275.00 6817 6819 Books